000 00320nam a22001337a 4500
020 _a978-8176353137
041 _aENG
100 _aUlrich.L
245 _aSams Teach Yourself Microself Microsoft Office 2000 In 21 Days
260 _aDelhi
_bTechmedia
_c1998
300 _a668
650 _aComputer
856 _uComputer
999 _c752
_d752